| 000 | 02942nam a2200361Ia 4500 | ||
|---|---|---|---|
| 005 | 20140903180212.0 | ||
| 008 | 130821s1775 sp a gr spa | ||
| 040 |
_aCo-BoUCM _bspa _cAldemar Mondragón (modificó) _dAldemar Mondragón (modificó) |
||
| 041 | 0 | _aspa | |
| 092 | _aE18N074 | ||
| 100 | 1 |
_aCastillo de Bobadilla, Jerónimo _db. 1547 _949143 |
|
| 245 | 1 | 0 |
_aPolítica para corregidores y señores de vasallos en tiempos de paz, y de guerra, y para prelados en lo espiritual, y temporal entre legos, jueces de comisión, regidores, abogados y otros oficios públicos ... _csu autor el licenciado Castillo de Bobadilla ... |
| 250 | _aEsta añadida, y emendada por el autor... | ||
| 260 |
_aMadrid (España) _bEn la imprenta Real de Gazeta _c1775 |
||
| 300 |
_a2 volúmenes[[4], 940 ; [4], 824 páginas _bilustraciones |
||
| 500 | _aDetalles físicos: Encuadernación en pergamino, con algunas manchas. Conserva guardas y portada impresa a una sola tinta en diversos tipos de letras y con un pequeño adorno. Texto impreso en dos columnas, con notas al pie de página, letras capitales sencillas, papel de buena calidad, cantos y filos pintados. Varias perforaciones de insectos en toda la obra. V.1: perforación de insectos de gran tamaño en desde la pagina 819. V.2: Pág. 387 con desprendimiento. Empieza a desencuadernanarse. | ||
| 500 | _aIncluye índice. | ||
| 505 | 0 | _aV.1: Primer libro de la politica: de las calidades de los corregidores, y de sus tenientes, y oficiales y del cuidado y debida pureza en la elección de ellos. -- Libro segundo de la politica: de los oficios, y jurisdicción de los Corregidores, y de los Señores de Vasallos, y Prelados y de sus ministros. | |
| 505 | 0 | _aV.2: Libro tercero de la politica: De las principales materias del gobierno de la República, y de lo tocante à los ayuntamientos. -- Libro cuarto de la politica: De los oficios del corregidor tocantes à la Guerra en fronteras, y puertos. -- Libro quinto de la politica: Como debe el corregidor, ò juez de Comisión tomar, y dár las Residencias, y de todo lo tocante a ellas. | |
| 506 | _aConsulta en sala. | ||
| 650 | 0 | 4 |
_aCorregidores _zEspaña _912014 |
| 650 | 0 | 4 |
_aDerecho administrativo _zEspaña _912695 |
| 650 | 0 | 4 |
_aDerecho colonial español _912714 |
| 650 | 0 | 4 |
_aDerecho constitucional _912725 |
| 650 | 0 | 4 |
_aJueces _zEspaña _918110 |
| 651 | 4 |
_aEspaña _xHistoria constitucional _ySiglo xvi _926943 |
|
| 651 | 4 |
_aEspaña _xPolítica y gobierno _926943 |
|
| 690 |
_942769 _aDerecho constitucional |
||
| 856 | 4 | 1 |
_zDisponible en línea V.1 _uhttp://books.google.com.co/books?id=Hxjl6MvzaCQC&printsec=frontcover&hl=es&source=gbs_ge_summary_r&cad=0#v=onepage&q&f=false |
| 856 | 4 | 1 |
_zDisponible en línea V.2 _uhttp://books.google.com.co/books?id=yIlt7jPPar0C&printsec=frontcover&hl=es&source=gbs_ge_summary_r&cad=0#v=onepage&q&f=false |
| 942 |
_cLIBRO _a8 _e1 _2DEWEY _h342 |
||
| 999 |
_c36439 _d36439 |
||